| 000 | 00456cam a2200181ua 4500 | ||
|---|---|---|---|
| 020 | _c12.60 | ||
| 041 |
_aeng _h |
||
| 082 |
_a828.09 _bAPP/BE |
||
| 100 | _aAppleton, William W . | ||
| 245 |
_aBeumont and fletches / _cWilliam W Appleton. _hTextual Documents |
||
| 250 |
_a1 / _b. |
||
| 260 |
_aLondon : _bGeorge Allen & Unwin Ltd , _c1956. |
||
| 300 |
_a131 ; _eAtlas. |
||
| 365 | _a12.60 | ||
| 504 | _a | ||
| 942 | _cBK | ||
| 999 |
_c5294 _d5294 |
||